Statistics for Scream (1996) Trivia

Click here to take the quiz!

General Stats

  • This quiz has been taken 538 times
  • The average score is 6 of 10

Answer Stats

HintAnswer% Correct
What town does the killing spree take place?Woodsboro
84%
What's Casey Becker's favourite scary movie?Halloween
78%
What should you NEVER say if you want to survive a horror movie?I'll be right back
73%
Please don't kill me, Mr. Ghostface, I wanna __ __ ___ ______be in the sequel
71%
What is the name of Sidney Prescott's best friend?Tatum Riley
70%
Movies don't create psychos. Movies make psychos more ________creative
56%
Hang up on me again and I'll ___ ___ ____ _ ____gut you like a fish
54%
What does Billy Loomis use as fake blood?corn syrup
53%
Who was the first victim of Billy and Stu?Maureen Prescott
51%
What street does Sidney Prescott live on?elm street
27%

Score Distribution

Percentile by Number Answered

Percent of People with Each Score

Your Score History

You have not taken this quiz